[Event "Baku Chess Olympiad | Open"]
[Site "chess24.com"]
[Date "2016.09.13"]
[Round "11"]
[White "Klaasen, Calvin Jong"]
[Black "Wilson, Brandon"]
[Result "*"]
[Board "4"]
[WhiteID "14300133"]
[WhiteElo "2177"]
[WhiteTitle "FM"]
[WhiteCountry "RSA"]
[WhiteFideId "14300133"]
[BlackID "7400500"]
[BlackElo "2074"]
[BlackTitle "CM"]
[BlackCountry "JAM"]
[BlackFideId "7400500"]

1. d4 {[%clk 1:30:57]} Nf6 {[%clk 1:30:49]} 2. Nf3 {[%clk 1:31:13]} c5 {[%clk
1:31:06]} 3. c4 {[%clk 1:31:39]} cxd4 {[%clk 1:30:55]} 4. Nxd4 {[%clk 1:32:05]}
g6 {[%clk 1:30:59]} 5. Nc3 {[%clk 1:32:15]} Bg7 {[%clk 1:31:15]} 6. g3 {[%clk
1:32:34]} Nc6 {[%clk 1:31:08]} 7. Bg2 {[%clk 1:32:59]} O-O {[%clk 1:31:07]} 8.
O-O {[%clk 1:33:25]} Qb6 {[%clk 1:25:26]} 9. Nb3 {[%clk 1:22:41]} d6 {[%clk
1:20:22]} 10. Bd2 {[%clk 1:09:39]} Be6 {[%clk 1:16:21]} 11. Nd5 {[%clk 1:09:40]}
Qd8 {[%clk 1:06:22]} 12. Bc3 {[%clk 1:05:03]} Bxd5 {[%clk 0:58:39]} 13. cxd5
{[%clk 1:05:28]} Nb8 {[%clk 0:58:36]} 14. Ba5 {[%clk 0:56:32]} Qd7 {[%clk
0:56:24]} 15. Nd4 {[%clk 0:51:43]} Na6 {[%clk 0:53:59]} 16. e4 {[%clk 0:49:02]}
Nc5 {[%clk 0:50:58]} 17. Re1 {[%clk 0:49:13]} Qa4 {[%clk 0:46:57]} 18. Qxa4
{[%clk 0:47:01]} Nxa4 {[%clk 0:46:44]} 19. b3 {[%clk 0:47:02]} Nc5 {[%clk
0:44:21]} 20. Rad1 {[%clk 0:46:00]} b6 {[%clk 0:28:44]} 21. Bc3 {[%clk 0:45:16]}
Rac8 {[%clk 0:24:26]} 22. Ba1 {[%clk 0:45:30]} a5 {[%clk 0:19:17]} 23. f3 {[%clk
0:42:12]} Nfd7 {[%clk 0:11:56]} 24. Bf1 {[%clk 0:39:51]} Bxd4+ {[%clk 0:10:56]}
25. Bxd4 {[%clk 0:40:05]} Rb8 {[%clk 0:09:12]} 26. Bb5 {[%clk 0:32:52]} Rfd8
{[%clk 0:06:05]} 27. Kg2 {[%clk 0:31:04]} Nf6 {[%clk 0:05:05]} 28. Rc1 {[%clk
0:28:55]} Kf8 {[%clk 0:04:36]} 29. Rc3 {[%clk 0:29:11]} Ne8 {[%clk 0:04:34]} 30.
Bc6 {[%clk 0:26:05]} Nc7 {[%clk 0:04:35]} 31. f4 {[%clk 0:26:02]} N7a6 {[%clk
0:04:42]} 32. a3 {[%clk 0:19:12]} b5 {[%clk 0:04:54]} 33. Rce3 {[%clk 0:19:39]}
b4 {[%clk 0:03:51]} 34. a4 {[%clk 0:19:11]} Rbc8 {[%clk 0:03:53]} 35. Bb5 {[%clk
0:15:03]} Nb8 {[%clk 0:03:34]} 36. g4 {[%clk 0:10:57]} Ncd7 {[%clk 0:02:46]} 37.
Bc4 {[%clk 0:09:40]} Rxc4 {[%clk 0:01:55]} 38. bxc4 {[%clk 0:10:01]} Rc8 {[%clk
0:02:17]} 39. e5 {[%clk 0:07:56]} Rxc4 {[%clk 0:02:29]} 40. Re4 {[%clk 0:37:54]}
Nc5 {[%clk 0:31:23]} 41. Bxc5 {[%clk 0:34:48]} Rxe4 {[%clk 0:31:03]} 42. Rxe4
{[%clk 0:35:12]} dxc5 {[%clk 0:30:55]} 43. Kf3 {[%clk 0:34:12]} e6 {[%clk
0:24:22]} 44. dxe6 {[%clk 0:28:17]} fxe6 {[%clk 0:24:38]} 45. Ke3 {[%clk
0:28:09]} Ke7 {[%clk 0:24:20]} 46. Kd3 {[%clk 0:28:04]} Kd7 {[%clk 0:24:43]} 47.
Kc4 {[%clk 0:27:31]} Kc6 {[%clk 0:24:19]} 48. f5 {[%clk 0:27:29]} Nd7 {[%clk
0:20:14]} 49. f6 {[%clk 0:25:17]} Nb6+ {[%clk 0:20:09]} 50. Kb3 {[%clk 0:24:21]}
Kd7 {[%clk 0:20:25]} 51. g5 {[%clk 0:19:16]} Ke8 {[%clk 0:18:12]} 52. Kc2 {[%clk
0:12:27]} Kf8 {[%clk 0:17:48]} 53. Re1 {[%clk 0:11:36]} Nc4 {[%clk 0:12:31]} 54.
Re2 {[%clk 0:07:48]} Nb6 {[%clk 0:10:35]} 55. Rd2 {[%clk 0:06:00]} c4 {[%clk
0:06:00]} 56. Rd6 {[%clk 0:04:02]} Nxa4 {[%clk 0:05:37]} 57. Rxe6 {[%clk
0:01:42]} b3+ {[%clk 0:04:14]} 58. Kc1 {[%clk 0:01:56]} Nc5 {[%clk 0:02:54]} 59.
Rc6 {[%clk 0:02:01]} Nd3+ {[%clk 0:03:08]} 60. Kd2 {[%clk 0:02:13]} Nxe5 {[%clk
0:00:48]} 61. Rc8+ {[%clk 0:02:19]} Kf7 {[%clk 0:00:48]} 62. Kc3 {[%clk 0:02:42]}
Nf3 {[%clk 0:01:06]} 63. Rc7+ {[%clk 0:02:19]} Kg8 {[%clk 0:01:11]} 64. Rc8+
{[%clk 0:01:08]} Kf7 {[%clk 0:01:40]} 65. Rc7+ {[%clk 0:01:32]} Kg8 {[%clk
0:02:01]} 66. Rc5 {[%clk 0:00:33]} a4 {[%clk 0:01:30]} 67. Rxc4 {[%clk 0:00:37]}
Nxg5 {[%clk 0:01:02]} 68. Rxa4 {[%clk 0:00:47]} Kf7 {[%clk 0:00:42]} 69. Rf4
{[%clk 0:00:36]} h5 {[%clk 0:00:39]} 70. Kxb3 {[%clk 0:00:49]} Nh7 {[%clk
0:00:56]} 71. Kc4 {[%clk 0:00:50]} Nxf6 {[%clk 0:01:21]} 72. Kd4 {[%clk 0:01:02]}
g5 {[%clk 0:01:37]} 73. Rf1 {[%clk 0:00:51]} Ke6 {[%clk 0:01:35]} *

[Event "Baku Chess Olympiad | Open"]
[Site "chess24.com"]
[Date "2016.09.13"]
[Round "11"]
[White "Gauci, Joseph"]
[Black "Efimov, Igor"]
[Result "0-1"]
[Board "2"]
[WhiteID "5600278"]
[WhiteElo "2151"]
[WhiteTitle "CM"]
[WhiteCountry "MLT"]
[WhiteFideId "5600278"]
[WhiteEloChange "-4"]
[BlackID "806404"]
[BlackElo "2374"]
[BlackTitle "GM"]
[BlackCountry "MNC"]
[BlackFideId "806404"]
[BlackEloChange "4"]

1. d4 {[%clk 1:30:55]} g6 {[%clk 1:30:22]} 2. g3 {[%clk 1:30:19]} Bg7 {[%clk
1:29:36]} 3. Bg2 {[%clk 1:30:17]} d6 {[%clk 1:29:05]} 4. Nf3 {[%clk 1:29:22]} Nd7
{[%clk 1:24:20]} 5. c4 {[%clk 1:27:26]} e5 {[%clk 1:19:15]} 6. Nc3 {[%clk
1:26:59]} Ngf6 {[%clk 1:15:59]} 7. O-O {[%clk 1:26:52]} O-O {[%clk 1:16:26]} 8.
h3 {[%clk 1:25:35]} c6 {[%clk 1:15:20]} 9. e4 {[%clk 1:24:11]} a6 {[%clk
1:08:50]} 10. Be3 {[%clk 1:16:15]} b5 {[%clk 1:06:33]} 11. dxe5 {[%clk 1:09:10]}
dxe5 {[%clk 0:47:47]} 12. Qd6 {[%clk 1:07:06]} Bb7 {[%clk 0:48:04]} 13. Rfd1
{[%clk 0:57:09]} Re8 {[%clk 0:44:27]} 14. a3 {[%clk 0:53:34]} Bf8 {[%clk
0:32:05]} 15. Qd2 {[%clk 0:50:54]} Qc7 {[%clk 0:25:58]} 16. Rac1 {[%clk 0:48:52]}
b4 {[%clk 0:24:12]} 17. axb4 {[%clk 0:48:43]} Bxb4 {[%clk 0:24:40]} 18. Ne1
{[%clk 0:46:25]} Nc5 {[%clk 0:23:08]} 19. Qc2 {[%clk 0:39:57]} a5 {[%clk
0:20:09]} 20. Nd3 {[%clk 0:36:36]} Ne6 {[%clk 0:20:11]} 21. Nxb4 {[%clk 0:36:11]}
axb4 {[%clk 0:20:40]} 22. Ne2 {[%clk 0:32:53]} c5 {[%clk 0:20:52]} 23. f3 {[%clk
0:31:02]} Nd7 {[%clk 0:19:43]} 24. h4 {[%clk 0:30:52]} Nd4 {[%clk 0:17:48]} 25.
Nxd4 {[%clk 0:31:04]} exd4 {[%clk 0:16:04]} 26. Bf4 {[%clk 0:30:55]} Ne5 {[%clk
0:15:25]} 27. Qd2 {[%clk 0:26:28]} Qe7 {[%clk 0:14:59]} 28. Kf2 {[%clk 0:21:57]}
f6 {[%clk 0:13:13]} 29. Bxe5 {[%clk 0:16:22]} fxe5 {[%clk 0:12:04]} 30. Ra1
{[%clk 0:15:35]} Qf7 {[%clk 0:10:20]} 31. Qd3 {[%clk 0:14:56]} Ba6 {[%clk
0:10:04]} 32. Rdc1 {[%clk 0:14:40]} Bxc4 {[%clk 0:10:16]} 33. Qc2 {[%clk
0:14:22]} b3 {[%clk 0:09:53]} 34. Qd2 {[%clk 0:13:43]} Ra2 {[%clk 0:10:15]} 35.
h5 {[%clk 0:12:12]} Be6 {[%clk 0:09:50]} 36. hxg6 {[%clk 0:11:57]} Qxg6 {[%clk
0:09:38]} 37. Rxa2 {[%clk 0:10:49]} bxa2 {[%clk 0:10:07]} 38. Qa5 {[%clk
0:11:06]} Qg5 {[%clk 0:09:56]} 39. Re1 {[%clk 0:09:25]} Rb8 {[%clk 0:10:10]} 40.
Qa3 {[%clk 0:34:53]} Qd2+ {[%clk 0:40:19]} 41. Re2 {[%clk 0:34:41]} Qc1 {[%clk
0:40:17]} 42. Qa6 {[%clk 0:34:08]} Bc4 {[%clk 0:32:14]} 43. Qf6 {[%clk 0:33:07]}
a1Q {[%clk 0:32:21]} 0-1

[Event "Baku Chess Olympiad | Open"]
[Site "chess24.com"]
[Date "2016.09.13"]
[Round "11"]
[White "Kim, Saebyeok"]
[Black "AlHuwar, Jasem"]
[Result "1/2-1/2"]
[Board "3"]
[WhiteID "13200518"]
[WhiteElo "1950"]
[WhiteCountry "KOR"]
[WhiteFideId "13200518"]
[WhiteEloChange "8"]
[BlackID "9300465"]
[BlackElo "2291"]
[BlackTitle "FM"]
[BlackCountry "UAE"]
[BlackFideId "9300465"]
[BlackEloChange "-8"]

1. e4 {[%clk 1:30:58]} g6 {[%clk 1:30:44]} 2. d4 {[%clk 1:31:10]} Bg7 {[%clk
1:31:00]} 3. Nc3 {[%clk 1:30:57]} d6 {[%clk 1:31:19]} 4. Be3 {[%clk 1:28:25]} c6
{[%clk 1:31:41]} 5. a4 {[%clk 1:28:48]} Nf6 {[%clk 1:31:10]} 6. h3 {[%clk
1:28:59]} O-O {[%clk 1:30:45]} 7. g3 {[%clk 1:29:16]} e5 {[%clk 1:29:54]} 8. Nge2
{[%clk 1:29:34]} exd4 {[%clk 1:23:52]} 9. Bxd4 {[%clk 1:27:36]} Re8 {[%clk
1:21:12]} 10. Bg2 {[%clk 1:27:58]} Qc7 {[%clk 1:20:52]} 11. O-O {[%clk 1:28:11]}
Be6 {[%clk 1:09:14]} 12. Re1 {[%clk 1:23:08]} Nbd7 {[%clk 1:06:06]} 13. b3 {[%clk
1:14:51]} Rad8 {[%clk 1:00:07]} 14. Qd2 {[%clk 1:01:50]} Nf8 {[%clk 0:52:33]} 15.
Rad1 {[%clk 0:57:10]} Bc8 {[%clk 0:52:04]} 16. a5 {[%clk 0:41:13]} b6 {[%clk
0:41:05]} 17. axb6 {[%clk 0:36:58]} axb6 {[%clk 0:41:23]} 18. Nf4 {[%clk
0:32:43]} Qb8 {[%clk 0:36:06]} 19. Qe3 {[%clk 0:25:45]} c5 {[%clk 0:27:20]} 20.
Bxf6 {[%clk 0:23:47]} Bxf6 {[%clk 0:27:43]} 21. Ncd5 {[%clk 0:19:29]} Bg7 {[%clk
0:27:40]} 22. b4 {[%clk 0:17:08]} Ne6 {[%clk 0:23:28]} 23. bxc5 {[%clk 0:14:48]}
bxc5 {[%clk 0:21:28]} 24. Qa3 {[%clk 0:08:59]} Bb7 {[%clk 0:13:34]} 25. Rb1
{[%clk 0:08:47]} Nxf4 {[%clk 0:13:43]} 26. Nxf4 {[%clk 0:06:16]} Qc8 {[%clk
0:13:47]} 27. Qb3 {[%clk 0:03:59]} Bc6 {[%clk 0:12:59]} 28. Qc4 {[%clk 0:03:40]}
Qa8 {[%clk 0:09:00]} 29. Nd5 {[%clk 0:03:09]} Qa5 {[%clk 0:07:40]} 30. Red1
{[%clk 0:02:32]} Kf8 {[%clk 0:04:33]} 31. Kh2 {[%clk 0:01:41]} Rb8 {[%clk
0:04:02]} 32. Rxb8 {[%clk 0:01:07]} Rxb8 {[%clk 0:04:29]} 33. Nf4 {[%clk
0:01:11]} Rb4 {[%clk 0:04:02]} 34. Qe2 {[%clk 0:00:47]} Rd4 {[%clk 0:02:26]} 35.
Rxd4 {[%clk 0:01:03]} Bxd4 {[%clk 0:02:34]} 36. Nd5 {[%clk 0:00:55]} Bxd5 {[%clk
0:02:15]} 37. exd5 {[%clk 0:01:20]} 1/2-1/2

[Event "Baku Chess Olympiad | Open"]
[Site "chess24.com"]
[Date "2016.09.13"]
[Round "11"]
[White "Tapia, Alexei"]
[Black "Rodriguez Vila, Andres"]
[Result "*"]
[Board "1"]
[WhiteID "6600581"]
[WhiteElo "2183"]
[WhiteCountry "PAN"]
[WhiteFideId "6600581"]
[BlackID "3000010"]
[BlackElo "2453"]
[BlackTitle "GM"]
[BlackCountry "URU"]
[BlackFideId "3000010"]

1. Nf3 {[%clk 1:30:54]} d6 {[%clk 1:30:38]} 2. d4 {[%clk 1:30:52]} g6 {[%clk
1:31:03]} 3. b3 {[%clk 1:31:03]} Nf6 {[%clk 1:31:08]} 4. g3 {[%clk 1:30:31]} Bg7
{[%clk 1:31:27]} 5. Bb2 {[%clk 1:30:55]} O-O {[%clk 1:31:42]} 6. Bg2 {[%clk
1:31:20]} a5 {[%clk 1:30:30]} 7. a3 {[%clk 1:29:15]} c6 {[%clk 1:27:17]} 8. O-O
{[%clk 1:29:03]} Bf5 {[%clk 1:25:45]} 9. c4 {[%clk 1:27:56]} Qd7 {[%clk 1:23:55]}
10. Re1 {[%clk 1:27:43]} Bh3 {[%clk 1:23:55]} 11. Nc3 {[%clk 1:22:25]} Bxg2
{[%clk 1:24:19]} 12. Kxg2 {[%clk 1:22:53]} b5 {[%clk 1:21:22]} 13. Qc2 {[%clk
1:22:08]} Na6 {[%clk 1:19:44]} 14. e4 {[%clk 1:19:32]} Rab8 {[%clk 1:17:46]} 15.
e5 {[%clk 1:18:06]} Nh5 {[%clk 1:18:06]} 16. exd6 {[%clk 1:16:19]} exd6 {[%clk
1:17:59]} 17. cxb5 {[%clk 1:15:27]} cxb5 {[%clk 1:17:54]} 18. Nd5 {[%clk
1:14:22]} Qb7 {[%clk 1:17:17]} 19. Ne7+ {[%clk 1:13:23]} Kh8 {[%clk 1:17:39]} 20.
Qc6 {[%clk 1:13:50]} a4 {[%clk 1:14:34]} 21. b4 {[%clk 1:07:18]} Qxc6 {[%clk
1:13:13]} 22. Nxc6 {[%clk 1:07:18]} Rb7 {[%clk 1:13:17]} 23. Rac1 {[%clk
1:03:00]} Nf6 {[%clk 1:13:03]} 24. Nd2 {[%clk 1:02:33]} Rc8 {[%clk 1:09:46]} 25.
Na5 {[%clk 1:00:44]} Rbc7 {[%clk 1:09:24]} 26. Nb7 {[%clk 1:00:31]} Rxc1 {[%clk
1:09:39]} 27. Rxc1 {[%clk 1:00:53]} Rxc1 {[%clk 1:09:35]} 28. Bxc1 {[%clk
1:01:22]} Bf8 {[%clk 1:08:34]} 29. f3 {[%clk 0:58:47]} Ne8 {[%clk 1:03:27]} 30.
Ne4 {[%clk 0:50:31]} f5 {[%clk 0:57:44]} 31. Nc3 {[%clk 0:48:01]} Nac7 {[%clk
0:55:32]} 32. Bf4 {[%clk 0:46:28]} Kg7 {[%clk 0:51:08]} 33. Nd8 {[%clk 0:44:58]}
Kf6 {[%clk 0:50:08]} 34. h4 {[%clk 0:39:56]} h6 {[%clk 0:50:30]} 35. d5 {[%clk
0:35:55]} Bg7 {[%clk 0:49:16]} 36. Be3 {[%clk 0:33:03]} Ke7 {[%clk 0:48:31]} 37.
Nc6+ {[%clk 0:33:26]} Kd7 {[%clk 0:48:50]} 38. Nd4 {[%clk 0:30:48]} Nf6 {[%clk
0:47:15]} 39. Ndxb5 {[%clk 0:30:51]} Nxb5 {[%clk 0:46:06]} 40. Nxb5 {[%clk
1:00:44]} Nxd5 {[%clk 1:16:32]} 41. Bd4 {[%clk 1:00:50]} Nc7 {[%clk 1:12:51]} 42.
Bxg7 {[%clk 0:50:50]} Nxb5 {[%clk 1:13:14]} 43. Bxh6 {[%clk 0:50:48]} Nxa3 {[%clk
1:13:38]} 44. Bg7 {[%clk 0:51:13]} Nc2 {[%clk 1:13:09]} 45. g4 {[%clk 0:51:21]}
d5 {[%clk 1:05:14]} 46. h5 {[%clk 0:49:01]} gxh5 {[%clk 1:05:28]} 47. gxh5 {[%clk
0:49:28]} a3 {[%clk 1:04:58]} 48. h6 {[%clk 0:45:32]} d4 {[%clk 1:05:18]} 49. h7
{[%clk 0:45:52]} a2 {[%clk 1:05:43]} 50. h8Q {[%clk 0:46:05]} a1Q {[%clk
1:06:08]} 51. Bh6 {[%clk 0:46:19]} Qd1 {[%clk 0:54:58]} 52. Qh7+ {[%clk 0:43:52]}
Kc6 {[%clk 0:50:42]} 53. Qxf5 {[%clk 0:41:22]} Nxb4 {[%clk 0:50:02]} 54. Bf8
{[%clk 0:40:39]} Qe2+ {[%clk 0:47:23]} 55. Kg3 {[%clk 0:39:17]} Qe1+ {[%clk
0:47:24]} 56. Kg2 {[%clk 0:38:26]} Nd5 {[%clk 0:47:38]} 57. Qc2+ {[%clk 0:34:55]}
Nc3 {[%clk 0:47:09]} 58. Bg7 {[%clk 0:35:09]} Qe3 {[%clk 0:45:07]} 59. Qf2 {[%clk
0:33:07]} Qg5+ {[%clk 0:41:00]} 60. Qg3 {[%clk 0:33:30]} Qd5 {[%clk 0:40:31]} 61.
Qe5 {[%clk 0:23:12]} *

[Event "Baku Chess Olympiad | Open"]
[Site "chess24.com"]
[Date "2016.09.13"]
[Round "11"]
[White "Mapini, Otsile"]
[Black "Johnson, Joshua"]
[Result "*"]
[Board "4"]
[WhiteID "11304553"]
[WhiteElo "1972"]
[WhiteCountry "BOT"]
[WhiteFideId "11304553"]
[BlackID "7700768"]
[BlackElo "2119"]
[BlackTitle "FM"]
[BlackCountry "TTO"]
[BlackFideId "7700768"]

1. e4 {[%clk 1:30:54]} c5 {[%clk 1:30:02]} 2. Nf3 {[%clk 1:31:09]} d6 {[%clk
1:30:28]} 3. c4 {[%clk 1:31:19]} Nf6 {[%clk 1:28:39]} 4. Nc3 {[%clk 1:31:41]} g6
{[%clk 1:26:52]} 5. d4 {[%clk 1:32:05]} cxd4 {[%clk 1:27:18]} 6. Nxd4 {[%clk
1:32:30]} Bg7 {[%clk 1:27:43]} 7. Be2 {[%clk 1:32:54]} Nc6 {[%clk 1:27:57]} 8.
Be3 {[%clk 1:33:16]} O-O {[%clk 1:25:58]} 9. Rc1 {[%clk 1:33:34]} Bd7 {[%clk
1:24:13]} 10. O-O {[%clk 1:33:53]} a6 {[%clk 1:23:58]} 11. f3 {[%clk 1:34:16]}
Qa5 {[%clk 1:19:04]} 12. Qd2 {[%clk 1:33:34]} Nxd4 {[%clk 1:18:39]} 13. Bxd4
{[%clk 1:33:50]} Rfc8 {[%clk 1:17:28]} 14. Rfd1 {[%clk 1:33:52]} Be6 {[%clk
1:13:28]} 15. b3 {[%clk 1:33:33]} b5 {[%clk 1:12:35]} 16. Bxf6 {[%clk 1:21:30]}
exf6 {[%clk 1:08:36]} 17. Nb1 {[%clk 1:12:32]} Qxd2 {[%clk 1:04:54]} 18. Nxd2
{[%clk 1:12:51]} f5 {[%clk 0:54:16]} 19. Rc2 {[%clk 0:48:09]} fxe4 {[%clk
0:45:58]} 20. fxe4 {[%clk 0:48:26]} f5 {[%clk 0:28:23]} 21. Nf3 {[%clk 0:43:32]}
bxc4 {[%clk 0:22:46]} 22. bxc4 {[%clk 0:43:21]} fxe4 {[%clk 0:17:27]} 23. Ng5
{[%clk 0:43:43]} Bf5 {[%clk 0:17:38]} 24. g4 {[%clk 0:43:51]} h6 {[%clk 0:14:26]}
25. Nh3 {[%clk 0:43:33]} Bd7 {[%clk 0:14:31]} 26. Rxd6 {[%clk 0:43:48]} Ba4
{[%clk 0:14:46]} 27. Rc1 {[%clk 0:43:47]} Rc6 {[%clk 0:13:00]} 28. Rd7 {[%clk
0:35:12]} Re6 {[%clk 0:13:12]} 29. Rd2 {[%clk 0:35:12]} Kh7 {[%clk 0:13:03]} 30.
Nf4 {[%clk 0:35:07]} Rb6 {[%clk 0:11:49]} 31. Bd1 {[%clk 0:24:27]} Bc6 {[%clk
0:11:26]} 32. Bb3 {[%clk 0:24:18]} Be5 {[%clk 0:09:34]} 33. Ne2 {[%clk 0:22:41]}
Rf8 {[%clk 0:09:19]} 34. c5 {[%clk 0:21:49]} Rb4 {[%clk 0:08:19]} 35. Rc4 {[%clk
0:20:37]} Rxc4 {[%clk 0:07:30]} 36. Bxc4 {[%clk 0:21:05]} a5 {[%clk 0:07:59]} 37.
Rd1 {[%clk 0:18:52]} a4 {[%clk 0:05:52]} 38. h3 {[%clk 0:19:02]} Rf3 {[%clk
0:06:01]} 39. Rb1 {[%clk 0:06:48]} e3 {[%clk 0:04:00]} 40. Rb6 {[%clk 0:33:22]}
Be4 {[%clk 0:34:29]} 41. Rb4 {[%clk 0:32:40]} Rf2 {[%clk 0:30:51]} 42. Bg8+
{[%clk 0:26:38]} Kxg8 {[%clk 0:31:21]} 43. Rxe4 {[%clk 0:26:59]} Bh2+ {[%clk
0:31:48]} 44. Kh1 {[%clk 0:27:21]} Rxe2 {[%clk 0:32:14]} 45. Rxa4 {[%clk
0:27:03]} g5 {[%clk 0:28:25]} 46. Re4 {[%clk 0:23:09]} Bf4 {[%clk 0:28:43]} 47.
Kg1 {[%clk 0:22:29]} Rxa2 {[%clk 0:28:41]} 48. Kf1 {[%clk 0:22:31]} Rc2 {[%clk
0:28:41]} 49. h4 {[%clk 0:21:38]} Rxc5 {[%clk 0:28:39]} 50. hxg5 {[%clk 0:21:40]}
hxg5 {[%clk 0:28:59]} *

[Event "Baku Chess Olympiad | Open"]
[Site "chess24.com"]
[Date "2016.09.13"]
[Round "11"]
[White "Ermeni, Avni"]
[Black "Giron, David"]
[Result "0-1"]
[Board "3"]
[WhiteID "912840"]
[WhiteElo "2270"]
[WhiteTitle "FM"]
[WhiteCountry "KOS"]
[WhiteFideId "912840"]
[WhiteEloChange "-13"]
[BlackID "7300697"]
[BlackElo "2174"]
[BlackCountry "GUA"]
[BlackFideId "7300697"]
[BlackEloChange "13"]

1. e4 {[%clk 1:30:56]} c5 {[%clk 1:30:41]} 2. Nf3 {[%clk 1:31:20]} d6 {[%clk
1:31:05]} 3. Bb5+ {[%clk 1:31:37]} Nc6 {[%clk 1:31:16]} 4. O-O {[%clk 1:32:00]}
Nf6 {[%clk 1:31:02]} 5. Re1 {[%clk 1:31:56]} Bd7 {[%clk 1:31:12]} 6. c3 {[%clk
1:32:07]} a6 {[%clk 1:31:05]} 7. Bf1 {[%clk 1:31:18]} Bg4 {[%clk 1:30:51]} 8. h3
{[%clk 1:28:09]} Bxf3 {[%clk 1:30:53]} 9. Qxf3 {[%clk 1:28:33]} e6 {[%clk
1:30:12]} 10. a4 {[%clk 1:23:11]} Na5 {[%clk 1:19:22]} 11. Qd1 {[%clk 1:10:17]}
c4 {[%clk 1:07:11]} 12. Na3 {[%clk 1:07:41]} Rc8 {[%clk 1:04:33]} 13. d3 {[%clk
1:02:47]} Nb3 {[%clk 0:52:47]} 14. Rb1 {[%clk 1:00:40]} Nxc1 {[%clk 0:53:09]} 15.
Nxc4 {[%clk 0:54:05]} Nxd3 {[%clk 0:53:09]} 16. Qxd3 {[%clk 0:54:30]} Qc7 {[%clk
0:39:51]} 17. Rbd1 {[%clk 0:45:21]} Rd8 {[%clk 0:40:13]} 18. e5 {[%clk 0:40:06]}
dxe5 {[%clk 0:33:14]} 19. Qxd8+ {[%clk 0:38:23]} Qxd8 {[%clk 0:33:39]} 20. Rxd8+
{[%clk 0:38:44]} Kxd8 {[%clk 0:34:08]} 21. Nxe5 {[%clk 0:38:59]} Ke8 {[%clk
0:34:29]} 22. Rd1 {[%clk 0:39:21]} Bc5 {[%clk 0:34:51]} 23. g4 {[%clk 0:34:41]}
Bb6 {[%clk 0:13:40]} 24. Bg2 {[%clk 0:21:44]} Bc7 {[%clk 0:13:59]} 25. f4 {[%clk
0:19:59]} Bxe5 {[%clk 0:12:32]} 26. fxe5 {[%clk 0:20:19]} Nd5 {[%clk 0:12:58]}
27. Bxd5 {[%clk 0:18:57]} exd5 {[%clk 0:13:22]} 28. Rxd5 {[%clk 0:19:13]} h5
{[%clk 0:10:30]} 29. Rc5 {[%clk 0:15:05]} Kd7 {[%clk 0:10:17]} 30. gxh5 {[%clk
0:15:19]} Ke6 {[%clk 0:03:58]} 31. Rc7 {[%clk 0:14:51]} Rxh5 {[%clk 0:03:09]} 32.
Rxb7 {[%clk 0:14:48]} Rxh3 {[%clk 0:01:51]} 33. Rb6+ {[%clk 0:11:20]} Kxe5 {[%clk
0:02:14]} 34. Rxa6 {[%clk 0:11:45]} g5 {[%clk 0:02:35]} 35. Rb6 {[%clk 0:05:56]}
f5 {[%clk 0:00:36]} 36. a5 {[%clk 0:06:25]} Rd3 {[%clk 0:00:35]} 37. Kf2 {[%clk
0:05:22]} Rd1 {[%clk 0:00:50]} 38. Rb5+ {[%clk 0:05:18]} Ke4 {[%clk 0:00:36]} 39.
Rb4+ {[%clk 0:02:19]} Ke5 {[%clk 0:00:50]} 40. Rd4 {[%clk 0:31:33]} Ra1 {[%clk
0:30:41]} 41. b4 {[%clk 0:31:11]} g4 {[%clk 0:22:50]} 42. Rd2 {[%clk 0:26:34]} f4
{[%clk 0:19:12]} 43. c4 {[%clk 0:24:50]} Ke4 {[%clk 0:09:09]} 44. c5 {[%clk
0:19:57]} g3+ {[%clk 0:07:32]} 45. Kg2 {[%clk 0:18:55]} Kf5 {[%clk 0:07:53]} 46.
Rc2 {[%clk 0:10:46]} Kg4 {[%clk 0:07:08]} 47. Rc4 {[%clk 0:11:09]} Ra2+ {[%clk
0:07:26]} 48. Kg1 {[%clk 0:11:24]} Ra1+ {[%clk 0:07:50]} 49. Kg2 {[%clk 0:11:44]}
Ra2+ {[%clk 0:07:45]} 50. Kg1 {[%clk 0:12:06]} Kh3 {[%clk 0:04:59]} 51. Rxf4
{[%clk 0:05:36]} Ra1+ {[%clk 0:05:20]} 52. Rf1 {[%clk 0:06:03]} Rxf1+ {[%clk
0:05:45]} 53. Kxf1 {[%clk 0:06:27]} Kh2 {[%clk 0:06:12]} 54. c6 {[%clk 0:02:50]}
g2+ {[%clk 0:06:36]} 55. Ke2 {[%clk 0:03:13]} g1Q {[%clk 0:06:49]} 56. b5 {[%clk
0:01:03]} Qb1 {[%clk 0:04:21]} 0-1